000 00423nam#a2200169#c#4500
003 IEF
005 20180219155214.0
008 950601s1969 uuu####fr####| 0||u| |u
040 _aIEF
110 2 _aFederal Reserve Bank of Boston
_931105
245 _aHousing and Monetary policy
260 _c1969
490 _aFederal Reserve Bank of Boston. Conference series ; 4
942 _cLIB
942 _z48561
999 _c46859
_d46859